书目信息 |
| 题名: |
美国知识产权案例与评注
|
|
| 作者: | 叶京生 编著 | |
| 分册: | ||
| 出版信息: | 上海 上海译文出版社 1998.1 |
|
| 页数: | 372页 | |
| 开本: | 21cm | |
| 丛书名: | ||
| 单 册: | ||
| 中图分类: | D971.23 | |
| 科图分类: | ||
| 主题词: | 法律 | |
| 电子资源: | ||
| ISBN: | 7-5327-1891-3 | |
| 000 | 00746nam0 2200205 45 | |
| 001 | 0012050930 | |
| 005 | 20040425130652.6 | |
| 010 | @a7-5327-1891-3@dCNY18.10 | |
| 100 | @a20001205d1998 km y0chiy0120 ea | |
| 101 | 0 | @achi |
| 105 | @a z 000yy | |
| 200 | 1 | @a美国知识产权案例与评注@AMei Guo Zhi Shi Chan Quan An Li Yu Ping Zhu@e版权.商标权.专利权.商业秘密@EBan Quan.Shang Biao Quan.Zhuan Li Quan.Shang Ye MiMi@f叶京生编著@FYe Jing Sheng Bian Zhu |
| 210 | @a上海@c上海译文出版社@d1998.1 | |
| 215 | @a372页@d21cm | |
| 517 | @a版权.商标权.专利权.商业秘密@ABan Quan.Shang BiaoQuan.Zhuan Li Quan.Shang Ye Mi Mi | |
| 606 | 0 | @a法律 |
| 690 | @aD971.23@v1 | |
| 701 | 0 | @a叶京生@4编著 |
| 801 | @aCN@bTSTC@c20001205 | |
| 905 | @dD971.23@e25@f1@b293699 | |
| 美国知识产权案例与评注:版权.商标权.专利权.商业秘密/叶京生编著.-上海:上海译文出版社,1998.1 |
| 372页;21cm |
| ISBN 7-5327-1891-3:CNY18.10 |
| ● |
| 相关链接 |
|
|
|
|
正题名:美国知识产权案例与评注
索取号:D971.23/25
 
预约/预借
| 序号 | 登录号 | 条形码 | 馆藏地/架位号 | 状态 | 备注 |
| 1 | 0293699 | 002936997 | 第一借阅区/ [索取号:D971.23/25] | 在馆 | |
| 2 | 0293700 | 002937004 | 第一借阅区/ [索取号:D971.23/25] | 在馆 | |
| 3 | 0293701 | 002937013 | 第一样本阅览室/ [索取号:D971.23/25] | 在馆 |